000 00859nam a2200241 i 4500
001 bg
245 0 0 _aInformator dla kandydatów na I rok studiów /
_c[oprac. Genowefa Białuska, Renata Zasuwa] ; Politechnika Koszalińska. Wydział Mechaniczny.
260 _aKoszalin :
_bWydaw. Uczelniane PK,
_c2001.
300 _a69 s. :
_b1 pl., rys. ;
_c21 cm.
650 9 _aTechnika
_xszkolnictwo wyższe
_zPolska
651 9 _aKoszalin (woj. zachodniopomorskie)
_xPolitechnika
_xWydział Mechaniczny
655 _aInformatory
700 1 _aBIAŁUSKA, Genowefa.
_eOprac.
700 1 _aZASUWA, Renata.
_eOprac.
710 0 _aPolitechnika Koszalińska
_bWydział Mechaniczny
020 _a8388283618
040 _cBPK
041 0 _apl
080 _a378.662.096:62](438)"20"
920 _a83-88283-61-8
942 _cKS
008 s pl f |000 0 pol
999 _c39433
_d39433
856 _uhttp://koha.tu.koszalin.pl/cgi-bin/koha/opac-detail.pl?biblionumber=39433
_yKatalog online BPK